Structural reform measures in agriculture : Report adopted by the Committee of Agriculture and by the OECD Council

A. Land consolidation; B. Retirement and discontinuation schemes; C. Retraining measure;...

Saved in:
Bibliographic Details
Format: Book
Language:Undetermined
Published: Paris Organisation for Economic Co-operation and Development 1972
Subjects:
Tags: Add Tag
No Tags, Be the first to tag this record!
Institutions: Trung tâm Học liệu Trường Đại học Cần Thơ
LEADER 00772nam a2200193Ia 4500
001 CTU_110166
008 210402s9999 xx 000 0 und d
082 |a 338.1 
082 |b S927 
245 0 |a Structural reform measures in agriculture : 
245 0 |b Report adopted by the Committee of Agriculture and by the OECD Council 
245 0 |c Organisation for Economic Co-operation and Development 
260 |a Paris 
260 |b Organisation for Economic Co-operation and Development 
260 |c 1972 
520 |a A. Land consolidation; B. Retirement and discontinuation schemes; C. Retraining measure;... 
650 |a Agriculture and state,Nhà nước và nông nghiệp 
904 |i Tuyến 
980 |a Trung tâm Học liệu Trường Đại học Cần Thơ